LEADER 01157cam0 2200289 450 001 E600200045836 005 20210914073919.0 100 $a20090225d1939 |||||ita|0103 ba 101 $afre 102 $aFR 200 1 $aDiscours$aLettre sur les spectacles (Extraits)$fJean-Jacques Rousseau$gavec une notice biographique, une notice historique et littéraire, des notes explicatives, des jugements, un questionnaire et des sujets de devoirs, par Jean Normand 210 $aParis$cLarousse$d1939 215 $a120 p.$d17 cm 225 2 $aClassiques Larousse 410 1$1001LAEC00018309$12001 $a*Classiques Larousse 700 1$aRousseau$b, Jean-Jacques$3A600200051154$4070$0132862 702 1$aNormand, Jean$3A600200053015$4070 801 0$aIT$bUNISOB$c20210914$gRICA 850 $aUNISOB 852 $aUNISOB$j840|Coll|3|K$m6931 912 $aE600200045836 940 $aM 102 Monografia moderna SBN 941 $aM 957 $a840|Coll|3|K$b000067$gSi$d6931$racquisto$1massimo$2UNISOB$3UNISOB$420090225100518.0$520151127123655.0$6Alfano 996 $aDiscours$9953857 996 $aLettre sur les spectacles (Extraits)$91682185 997 $aUNISOB LEADER 01561nam 2200409Ia 450 001 9910698364103321 005 20080722122102.0 035 $a(CKB)4970000000041306 035 $a(OCoLC)181644289 035 $a(EXLCZ)994970000000041306 100 $a20071120d2007 ua 0 101 0 $aeng 135 $aurmn||||||||| 181 $ctxt$2rdacontent 182 $cc$2rdamedia 183 $acr$2rdacarrier 200 10$aMilitary base realignments and closures$b[electronic resource] $etransfer of supply, storage, and distribution functions from military services to Defense Logistics Agency 210 1$aWashington, DC :$cU.S. Govt. Accountability Office,$d[2007] 215 $a40 pages $cdigital, PDF file 300 $aTitle from title screen (viewed on Nov. 19, 2007). 300 $aAuthor: Brian J. Lepore. 300 $a"October 26, 2007." 300 $aPaper version available from: U.S. Govt. Accountability Office, 441 G St., NW, Rm. LM, Washington, D.C. 20548. 300 $a"GAO-08-121R." 320 $aIncludes bibliographical references. 517 $aMilitary Base Realignments and Closures 606 $aMilitary base closures$zUnited States 607 $aUnited States$xArmed Forces$xSupplies and stores 615 0$aMilitary base closures 700 $aLepore$b Brian J$01388056 712 02$aUnited States.$bGovernment Accountability Office. 801 0$bGPO 801 1$bGPO 906 $aDOCUMENT 912 $a9910698364103321 996 $aMilitary base realignments and closures$93454960 997 $aUNINA